| 000 | 01531cam a22003374a 4500 | ||
|---|---|---|---|
| 001 | 12688551 | ||
| 005 | 20230126131320.0 | ||
| 008 | 020228s2002 nyua 001 0 eng | ||
| 010 | _a 2002019456 | ||
| 020 | _a0789490102 (alk. paper) | ||
| 035 | _a(DLC) 2002019456 | ||
| 035 | _a(DLC)4551 | ||
| 040 |
_aDLC _cDLC _dDLC |
||
| 042 | _apcc | ||
| 050 | 0 | 0 |
_aHD31 _b.S745 2002 |
| 082 | 0 | 0 |
_a658.4,ALI _221 |
| 245 | 0 | 0 |
_aSuccessful manager's handbook / _cMoi Ali ... [et al.]. |
| 246 | 3 | 0 | _aDK successful manager's handbook |
| 250 | _a1st American ed. | ||
| 260 |
_aNew York : _bDK Pub., _c2002. |
||
| 300 |
_a864 p. : _bcol. ill. ; _c22 cm. |
||
| 505 | _aIntroduction (Page-8), Getting Organizer (Page-14), Writing effectively (Page-82), Thinking creatively (Page-150), Influencing people (Page-218), Developing NLP Skills (Page-286), Dealing with difficult people (Page-354), Managing public relations (Page-490), Putting customers first (Page-558), Managing Globally (Page-626), Balancing work and life (Page-694), Managing your career (Page-762). | ||
| 650 | 0 | _aManagement. | |
| 650 | 0 | _aOrganizational behavior. | |
| 650 | 0 |
_aInterpersonal communication. _94420 |
|
| 700 | 1 |
_aAli, Moi. _9106949 |
|
| 856 | 4 | 2 |
_3Publisher description _uhttp://www.loc.gov/catdir/enhancements/fy0721/2002019456-d.html |
| 906 |
_a7 _bcbc _corignew _d1 _eocip _f20 _gy-gencatlg |
||
| 942 |
_2ddc _cBK _k658.4,ALI |
||
| 999 |
_c593015 _d593015 |
||